| 000 | 00611nam a22001697a 4500 | ||
|---|---|---|---|
| 003 | OSt | ||
| 005 | 20231004103002.0 | ||
| 008 | 220630b |||||||| |||| 00| 0 eng d | ||
| 040 | _cBiblioteca Lado V | ||
| 082 |
_a700 _bA792k |
||
| 110 |
_91140 _aArts Collaboratory _eautor |
||
| 245 | _aKulena: Walking, Our lives, in Triangles/ | ||
| 260 |
_aJapón _bArts Collaboratory _c2016 |
||
| 300 |
_a22p. _c26x38cm |
||
| 650 |
_xprácticas artísticas _xarte colaborativo _xArts Collaboratory - encuentros _xArts Collaboratory - asamblea _xArts Collaboratory - 2016 |
||
| 942 |
_2ddc _c1 _n0 _h700 _iA792k |
||
| 999 |
_c4445 _d4445 |
||